Európsky rámcový dohovor o cezhraničnej spolupráci medzi územnými celkami alebo orgánmi dodatkový protokol. Protokol č. 2

Guardado en:
Detalles Bibliográficos
Otros Autores: Figusch, Viliam
Formato: Libro
Lenguaje:eslovaco
húngaro
polaco
rumano
ucraniano
Publicado: Bratislava Informačné a dokumentačné stredisko o Rade Európy [1999]
Materias:
Etiquetas: Agregar Etiqueta
Sin Etiquetas, Sea el primero en etiquetar este registro!

MARC

LEADER 00000nam a2200000 4500
001 c117570
005 20230228072444.2
020 |a 80-967674-3-7 
041 0 |a slo 
041 0 |a hun 
041 0 |a pol 
041 0 |a rum 
041 0 |a ukr 
044 |a SK 
245 1 0 |a Európsky rámcový dohovor o cezhraničnej spolupráci medzi územnými celkami alebo orgánmi  |b dodatkový protokol. Protokol č. 2  |c [Zostav. Viliam Figusch] 
264 1 |a Bratislava  |b Informačné a dokumentačné stredisko o Rade Európy  |c [1999] 
300 |a 153 s. 
610 2 0 |a Európa 
610 2 0 |a spolupráca cezhraničná 
610 2 0 |a dohody 
610 2 0 |a dohody colné 
610 2 0 |a dohody obchodné medzinárodné 
610 2 0 |a štát 
610 2 0 |a konvencie 
610 2 0 |a zmluvy medzinárodné 
610 2 0 |a zmluvy o spolupráci 
610 2 0 |a správa miestna 
610 2 0 |a správa oblastná 
610 2 0 |a správa verejná 
610 2 0 |a regióny 
700 1 |a Figusch, Viliam